000 00530cam a2200217ua 4500
020 _c51.00
041 _aeng
_h
082 _a005.133
_bRAM/PR
100 _aRamkumar, .
245 _aProgramming with FORTRAN 77 /
_cRamkumar.
_hTextual Documents
250 _a1 /
_b.
260 _aNew Delhi :
_bTata Mc-Graw Hill Publishing Company ,
_c1989.
300 _a386 ; .
365 _a51.00
500 _a*CSS
504 _a
942 _cBK
999 _c9660
_d9660